000
00196nam a2200085Ia 4500
008
240331s9999 xx 000 0 und d
100
_a
Ponnambalam,M
245
0
_a
Yatharthamum Athmarthamum
942
_c
L
999
_c
1316
_d
1316